Best Selling Female Artists of all Time (Updated) - Statistics

General Stats
  • This quiz has been taken 181 times
  • The average score is 19 of 40
Answer Stats
Since Copies Singer % Correct
1982 300M Madonna
95%
2003 100M Beyonce
88%
1984 200M Whitney Houston
88%
1990 220M Mariah Carey
87%
2005 230M Rihanna
83%
1998 150M Britney Spears
81%
2006 170M Taylor Swift
81%
1981 250M Celine Dion
78%
1956 75M Aretha Franklin
74%
2008 173M Lady Gaga
72%
1998 100M Christina Aguilera
70%
2001 100M Katy Perry
70%
2007 100M Adele
67%
1965 100M Cher
62%
1962 150M Barbra Streisand
59%
1970 110M Diana Ross
58%
2000 117M Pink
58%
1959 100M Dolly Parton
56%
1982 140M Janet Jackson
52%
1993 100M Shania Twain
52%
1974 180M Tina Turner
50%
1991 100M Shakira
46%
1968 150M Donna Summer
41%
1999 80M Jennifer Lopez
40%
1983 70M Cyndi Lauper
35%
1987 80M Kylie Minogue
34%
2001 68M Alicia Keys
32%
1997 100M Gloria Estefan
31%
1970 100M Olivia Newton-John
27%
1959 76M Mina
22%
1976 85M Reba McEntire
22%
1962 100M Dionne Warwick
21%
1987 80M Enya
21%
1963 100M Dusty Springfield
16%
1992 75M Mary J. Blige
16%
1992 68M Toni Braxton
16%
1970 100M Linda Ronstadt
15%
1952 100M Joni James
14%
1956 120M Dalida
5%
1947 100M Patti Page
2%
No matching quizzes found
Score Distribution
Percent of People with Each Score
Percentile by Number Answered
Your Score History
You have not taken this quiz